[Event "WCO2014"]
[Site "Tromso"]
[Date "2014.08.09"]
[Round "7.31"]
[WhiteID "4800249"]
[White "Noah A .H. Al-Ali"]
[BlackID "6700640"]
[Black "Arias Daniel"]
[Result "1-0"]
[LiveChessVersion "1.4.3"]
[BlackElo "2126"]
[WhiteElo "2326"]

1. e4 {[%clk 1:30:50]} c5 {[%clk 1:29:58]} 2. Nf3 {[%clk 1:29:38]} d6
{[%clk 1:30:24]} 3. Bc4 {[%clk 1:29:47]} Nf6 {[%clk 1:27:19]} 4. d3
{[%clk 1:28:14]} Nc6 {[%clk 1:23:02]} 5. O-O {[%clk 1:28:00]} e6 {[%clk 1:23:12]}
6. Re1 {[%clk 1:23:09]} Be7 {[%clk 1:21:43]} 7. Bb3 {[%clk 1:19:49]} O-O
{[%clk 1:19:40]} 8. c3 {[%clk 1:20:05]} a6 {[%clk 1:13:01]} 9. d4
{[%clk 1:16:04]} cxd4 {[%clk 1:12:26]} 10. cxd4 {[%clk 1:16:30]} b5
{[%clk 1:07:38]} 11. Nc3 {[%clk 1:11:37]} Na5 {[%clk 1:02:27]} 12. Bc2
{[%clk 1:10:15]} Bb7 {[%clk 1:02:42]} 13. a3 {[%clk 1:09:40]} Rc8
{[%clk 1:02:23]} 14. Qe2 {[%clk 1:03:11]} Qc7 {[%clk 0:58:36]} 15. h3
{[%clk 0:49:49]} Nc4 {[%clk 0:53:16]} 16. Bd3 {[%clk 0:47:28]} Rfe8
{[%clk 0:47:57]} 17. Nd2 {[%clk 0:30:09]} Na5 {[%clk 0:33:53]} 18. Rb1
{[%clk 0:23:10]} Qb6 {[%clk 0:31:52]} 19. Nf3 {[%clk 0:23:12]} Nc4
{[%clk 0:31:07]} 20. Nd1 {[%clk 0:17:51]} d5 {[%clk 0:30:34]} 21. e5
{[%clk 0:18:19]} Ne4 {[%clk 0:30:51]} 22. Ne3 {[%clk 0:15:55]} Nxe3
{[%clk 0:18:55]} 23. Bxe3 {[%clk 0:15:42]} Qd8 {[%clk 0:17:37]} 24. Nd2
{[%clk 0:10:03]} Nxd2 {[%clk 0:16:31]} 25. Bxd2 {[%clk 0:08:48]} Qb6
{[%clk 0:16:55]} 26. Qg4 {[%clk 0:08:06]} b4 {[%clk 0:13:40]} 27. Bh6
{[%clk 0:07:56]} Bf8 {[%clk 0:09:30]} 28. Re3 {[%clk 0:05:53]} g6
{[%clk 0:09:17]} 29. Bxf8 {[%clk 0:05:06]} Rxf8 {[%clk 0:09:20]} 30. h4
{[%clk 0:03:15]} h5 {[%clk 0:07:38]} 31. Qg5 {[%clk 0:02:51]} Qxd4
{[%clk 0:04:56]} 32. Rg3 {[%clk 0:00:52]} Rfd8 {[%clk 0:04:35]} 33. Bxg6
{[%clk 0:00:55]} Kf8 {[%clk 0:04:29]} 34. Bxf7 {[%clk 0:01:06]} Qe4
{[%clk 0:03:49]} 35. Qg7+ {[%clk 0:01:22]} Ke7 {[%clk 0:04:13]} 36. Bg6#
{[%clk 0:01:44]} 1-0

[Event "WCO2014"]
[Site "Tromso"]
[Date "2014.08.09"]
[Round "7.30"]
[WhiteID "6700187"]
[White "Burgos Figueroa Carlos E."]
[BlackID "4803361"]
[Black "Mohammed Zozek Salah Mohammed"]
[Result "1/2-1/2"]
[LiveChessVersion "1.4.3"]
[BlackElo "2226"]
[WhiteElo "2258"]

1. e4 {[%clk 1:30:58]} c5 {[%clk 1:30:50]} 2. Nf3 {[%clk 1:31:18]} d6
{[%clk 1:31:14]} 3. Bb5+ {[%clk 1:30:59]} Bd7 {[%clk 1:31:34]} 4. Bxd7+
{[%clk 1:31:22]} Qxd7 {[%clk 1:31:47]} 5. O-O {[%clk 1:31:41]} Nf6
{[%clk 1:32:01]} 6. Re1 {[%clk 1:31:58]} Nc6 {[%clk 1:32:17]} 7. b3
{[%clk 1:32:21]} g6 {[%clk 1:30:35]} 8. Bb2 {[%clk 1:32:49]} Bg7 {[%clk 1:30:51]}
9. d4 {[%clk 1:29:33]} cxd4 {[%clk 1:30:25]} 10. Nxd4 {[%clk 1:23:48]} O-O
{[%clk 1:30:46]} 11. c4 {[%clk 1:24:15]} Nh5 {[%clk 1:27:52]} 12. Qd2
{[%clk 1:24:07]} Qg4 {[%clk 1:23:44]} 13. f3 {[%clk 1:24:04]} Qh4
{[%clk 1:18:35]} 14. Nxc6 {[%clk 1:22:03]} bxc6 {[%clk 1:13:51]} 15. Bxg7
{[%clk 1:22:25]} Nxg7 {[%clk 1:12:41]} 16. Nc3 {[%clk 1:22:35]} Ne6
{[%clk 1:10:54]} 17. Rad1 {[%clk 1:21:22]} a5 {[%clk 1:05:11]} 18. Na4
{[%clk 1:21:32]} c5 {[%clk 1:03:20]} 19. g3 {[%clk 1:21:24]} Qh5 {[%clk 1:00:07]}
20. Rf1 {[%clk 1:16:44]} Nd4 {[%clk 0:58:57]} 21. Kg2 {[%clk 1:05:23]} f5
{[%clk 0:52:22]} 22. exf5 {[%clk 1:05:39]} Qxf5 {[%clk 0:49:52]} 23. Qd3
{[%clk 1:03:29]} Qxd3 {[%clk 0:43:03]} 24. Rxd3 {[%clk 1:03:57]} e5
{[%clk 0:43:02]} 25. Nc3 {[%clk 1:02:33]} h6 {[%clk 0:36:40]} 26. Ne4
{[%clk 0:57:10]} Ra6 {[%clk 0:33:00]} 27. Rb1 {[%clk 0:56:46]} Rb6
{[%clk 0:32:48]} 28. Nc3 {[%clk 0:56:59]} Kg7 {[%clk 0:30:22]} 29. Re1
{[%clk 0:57:16]} g5 {[%clk 0:28:25]} 30. Re4 {[%clk 0:57:07]} Rb7
{[%clk 0:26:40]} 31. h4 {[%clk 0:57:27]} Rbf7 {[%clk 0:20:50]} 32. hxg5
{[%clk 0:57:47]} hxg5 {[%clk 0:18:41]} 33. Rg4 {[%clk 0:54:26]} Nxf3
{[%clk 0:13:21]} 34. Rd1 {[%clk 0:54:32]} Rh8 {[%clk 0:09:39]} 35. Rh1
{[%clk 0:50:33]} Rxh1 {[%clk 0:09:54]} 36. Kxh1 {[%clk 0:51:01]} Kg6
{[%clk 0:08:46]} 37. Re4 {[%clk 0:50:04]} Nd4 {[%clk 0:08:12]} 38. Kg2
{[%clk 0:50:22]} Nc6 {[%clk 0:00:36]} 39. Re1 {[%clk 0:49:40]} Nb4
{[%clk 0:00:36]} 40. Ne4 {[%clk 0:49:59]} Nxa2 {[%clk 0:00:31]} 41. Nxd6
{[%clk 0:49:58]} Rd7 {[%clk 0:16:48]} 42. Ne4 {[%clk 1:20:56]} Rd4
{[%clk 0:15:19]} 43. Nxc5 {[%clk 1:21:19]} Kf5 {[%clk 0:15:21]} 44. Kf3
{[%clk 1:13:29]} Nb4 {[%clk 0:11:08]} 45. g4+ {[%clk 1:07:58]} Rxg4
{[%clk 0:11:01]} 1/2-1/2

[Event "WCO2014"]
[Site "Tromso"]
[Date "2014.08.09"]
[Round "7.29"]
[WhiteID "4800168"]
[White "Al-Khattab Ghassan M. Ali Ajmed"]
[BlackID "6702309"]
[Black "Giron Jorge Ernesto"]
[Result "0-1"]
[LiveChessVersion "1.4.3"]
[BlackElo "2103"]
[WhiteElo "2140"]

1. e4 {[%clk 1:30:58]} e6 {[%clk 1:26:23]} 2. d4 {[%clk 1:30:18]} d5
{[%clk 1:26:48]} 3. Nc3 {[%clk 1:30:41]} a6 {[%clk 1:27:14]} 4. Nf3
{[%clk 1:31:05]} Nf6 {[%clk 1:27:39]} 5. Bg5 {[%clk 1:31:23]} Be7
{[%clk 1:28:04]} 6. Bxf6 {[%clk 1:31:44]} Bxf6 {[%clk 1:28:27]} 7. Bd3
{[%clk 1:31:46]} b5 {[%clk 1:27:29]} 8. a3 {[%clk 1:32:12]} O-O {[%clk 1:27:02]}
9. e5 {[%clk 1:32:14]} Be7 {[%clk 1:27:26]} 10. Ne2 {[%clk 1:32:27]} c5
{[%clk 1:27:34]} 11. c3 {[%clk 1:32:55]} Nc6 {[%clk 1:27:39]} 12. h4
{[%clk 1:32:10]} f6 {[%clk 1:20:19]} 13. Qc2 {[%clk 1:29:49]} f5 {[%clk 1:20:40]}
14. Qd2 {[%clk 1:24:26]} Na5 {[%clk 1:18:07]} 15. Qf4 {[%clk 1:23:26]} Nb3
{[%clk 1:12:46]} 16. Rd1 {[%clk 1:23:44]} cxd4 {[%clk 1:13:10]} 17. cxd4
{[%clk 1:21:06]} Qa5+ {[%clk 1:12:18]} 18. Kf1 {[%clk 1:21:34]} Qb6
{[%clk 1:06:01]} 19. Rh3 {[%clk 1:19:05]} b4 {[%clk 1:01:23]} 20. axb4
{[%clk 1:19:21]} Qxb4 {[%clk 1:01:34]} 21. Rg3 {[%clk 1:19:44]} Kh8
{[%clk 1:01:58]} 22. h5 {[%clk 1:16:30]} Bd7 {[%clk 1:01:05]} 23. Nh4
{[%clk 1:13:37]} Bxh4 {[%clk 0:58:32]} 24. Qxh4 {[%clk 1:13:54]} Rf7
{[%clk 0:58:59]} 25. Bc2 {[%clk 1:03:41]} Nd2+ {[%clk 0:58:48]} 26. Kg1
{[%clk 1:03:52]} Ne4 {[%clk 0:51:19]} 27. Ra3 {[%clk 0:41:17]} Qxb2
{[%clk 0:46:04]} 28. Rxa6 {[%clk 0:41:20]} Rc8 {[%clk 0:46:08]} 29. Bd3
{[%clk 0:38:31]} f4 {[%clk 0:27:55]} 30. Bxe4 {[%clk 0:28:25]} Qxe2
{[%clk 0:28:07]} 31. Rda1 {[%clk 0:25:44]} dxe4 {[%clk 0:25:26]} 32. Ra8
{[%clk 0:26:11]} Rff8 {[%clk 0:25:47]} 33. Rxc8 {[%clk 0:25:05]} Bxc8
{[%clk 0:24:12]} 34. h6 {[%clk 0:24:58]} gxh6 {[%clk 0:11:44]} 35. Qxh6
{[%clk 0:23:05]} Rf5 {[%clk 0:12:08]} 36. Qh4 {[%clk 0:21:50]} e3
{[%clk 0:06:36]} 37. Qd8+ {[%clk 0:10:44]} Kg7 {[%clk 0:07:01]} 38. Qe7+
{[%clk 0:09:44]} Kh6 {[%clk 0:07:26]} 39. Qh4+ {[%clk 0:09:42]} Qh5
{[%clk 0:07:45]} 40. Qe7 {[%clk 0:09:38]} Rf7 {[%clk 0:07:30]} 41. Qd8
{[%clk 0:07:14]} Bb7 {[%clk 0:06:09]} 42. f3 {[%clk 0:05:54]} Bxf3
{[%clk 0:05:04]} 43. Ra6 {[%clk 0:05:35]} Qg4 {[%clk 0:05:14]} 0-1

[Event "WCO2014"]
[Site "Tromso"]
[Date "2014.08.09"]
[Round "7.5"]
[WhiteID "8100942"]
[White "Samhouri Bilal"]
[BlackID "4628250"]
[Black "Khairallah Faisal"]
[Result "1-0"]
[LiveChessVersion "1.4.3"]
[BlackElo "2307"]
[WhiteElo "2256"]

1. d4 {[%clk 1:30:58]} d6 {[%clk 1:30:58]} 2. Nf3 {[%clk 1:31:23]} f5
{[%clk 1:31:17]} 3. c4 {[%clk 1:27:49]} Nf6 {[%clk 1:31:25]} 4. Nc3
{[%clk 1:28:15]} g6 {[%clk 1:30:54]} 5. g3 {[%clk 1:28:41]} Bg7 {[%clk 1:31:07]}
6. Bg2 {[%clk 1:29:08]} O-O {[%clk 1:30:44]} 7. O-O {[%clk 1:29:36]} Nc6
{[%clk 1:30:55]} 8. d5 {[%clk 1:28:35]} Ne5 {[%clk 1:31:22]} 9. Nd2
{[%clk 1:19:01]} g5 {[%clk 1:25:39]} 10. f4 {[%clk 1:13:47]} gxf4
{[%clk 1:25:20]} 11. gxf4 {[%clk 1:14:03]} Ng6 {[%clk 1:16:52]} 12. Nf3
{[%clk 1:13:27]} c6 {[%clk 1:08:59]} 13. e3 {[%clk 1:01:23]} cxd5
{[%clk 1:06:59]} 14. cxd5 {[%clk 1:01:38]} Bd7 {[%clk 1:06:02]} 15. Qd3
{[%clk 0:54:27]} Qb6 {[%clk 1:01:20]} 16. Kh1 {[%clk 0:50:39]} Ne4
{[%clk 0:59:37]} 17. Nd4 {[%clk 0:43:52]} Nxc3 {[%clk 0:54:54]} 18. bxc3
{[%clk 0:43:32]} Nh4 {[%clk 0:53:37]} 19. Rb1 {[%clk 0:31:33]} Qc7
{[%clk 0:53:41]} 20. Rg1 {[%clk 0:30:52]} Kh8 {[%clk 0:49:42]} 21. Bd2
{[%clk 0:28:19]} Rac8 {[%clk 0:34:24]} 22. Be1 {[%clk 0:26:32]} Nxg2
{[%clk 0:31:57]} 23. Rxg2 {[%clk 0:26:58]} b6 {[%clk 0:31:03]} 24. Rb4
{[%clk 0:23:47]} Rf7 {[%clk 0:26:23]} 25. Rg5 {[%clk 0:22:23]} Rcf8
{[%clk 0:21:48]} 26. c4 {[%clk 0:20:33]} Rf6 {[%clk 0:15:28]} 27. Bc3
{[%clk 0:12:44]} Rg6 {[%clk 0:15:37]} 28. Nf3 {[%clk 0:12:29]} e6
{[%clk 0:13:53]} 29. Bxg7+ {[%clk 0:11:58]} Kxg7 {[%clk 0:13:47]} 30. Qd4+
{[%clk 0:10:09]} Kg8 {[%clk 0:11:03]} 31. Rb1 {[%clk 0:10:17]} Qc5
{[%clk 0:10:37]} 32. Qd3 {[%clk 0:07:51]} Rxg5 {[%clk 0:10:04]} 33. Nxg5
{[%clk 0:08:04]} e5 {[%clk 0:04:55]} 34. Rg1 {[%clk 0:07:21]} Kh8
{[%clk 0:05:22]} 35. Qe2 {[%clk 0:06:24]} Qc7 {[%clk 0:04:36]} 36. Nxh7
{[%clk 0:06:29]} Rg8 {[%clk 0:03:23]} 37. Ng5 {[%clk 0:06:21]} Rg7
{[%clk 0:02:38]} 38. Rg3 {[%clk 0:03:59]} Kg8 {[%clk 0:02:37]} 39. Rh3
{[%clk 0:02:51]} Rxg5 {[%clk 0:00:39]} 40. fxg5 {[%clk 0:03:13]} f4
{[%clk 0:00:41]} 41. Rh4 {[%clk 0:02:33]} Bf5 {[%clk 0:21:43]} 42. exf4
{[%clk 0:33:28]} Qg7 {[%clk 0:21:07]} 43. Qh5 {[%clk 0:31:48]} Bg6
{[%clk 0:20:24]} 44. Qh6 {[%clk 0:31:44]} e4 {[%clk 0:19:03]} 45. Qxg7+
{[%clk 0:31:53]} Kxg7 {[%clk 0:19:30]} 46. Rh3 {[%clk 0:32:17]} Bf5
{[%clk 0:17:32]} 47. Ra3 {[%clk 0:32:34]} Kg6 {[%clk 0:09:23]} 48. Kg2
{[%clk 0:32:58]} Kh5 {[%clk 0:04:58]} 49. Kf2 {[%clk 0:33:25]} 1-0

[Event "WCO2014"]
[Site "Tromso"]
[Date "2014.08.09"]
[Round "7.6"]
[WhiteID "5300150"]
[White "Kassis Antoine"]
[BlackID "8100144"]
[Black "Mansour Sameer"]
[Result "1/2-1/2"]
[LiveChessVersion "1.4.3"]
[BlackElo "2249"]
[WhiteElo "2157"]

1. e4 {[%clk 1:30:57]} c5 {[%clk 1:30:45]} 2. Nf3 {[%clk 1:30:56]} g6
{[%clk 1:31:02]} 3. d4 {[%clk 1:31:06]} cxd4 {[%clk 1:31:21]} 4. Nxd4
{[%clk 1:31:29]} Bg7 {[%clk 1:30:18]} 5. c4 {[%clk 1:28:24]} Nc6 {[%clk 1:30:16]}
6. Be3 {[%clk 1:28:10]} Nf6 {[%clk 1:30:08]} 7. Nc3 {[%clk 1:28:33]} d6
{[%clk 1:25:55]} 8. Be2 {[%clk 1:28:17]} Bd7 {[%clk 1:25:21]} 9. O-O
{[%clk 1:24:22]} O-O {[%clk 1:24:20]} 10. Qd2 {[%clk 1:10:25]} Nxd4
{[%clk 1:21:05]} 11. Bxd4 {[%clk 1:10:47]} Bc6 {[%clk 1:20:29]} 12. f3
{[%clk 1:11:10]} a5 {[%clk 1:20:41]} 13. b3 {[%clk 1:10:18]} Nd7 {[%clk 1:20:59]}
14. Be3 {[%clk 1:10:19]} Nc5 {[%clk 1:21:07]} 15. Rab1 {[%clk 1:10:10]} e6
{[%clk 1:13:49]} 16. a3 {[%clk 0:46:17]} Qf6 {[%clk 1:05:31]} 17. Rfc1
{[%clk 0:41:05]} a4 {[%clk 1:05:28]} 18. bxa4 {[%clk 0:39:35]} Nxa4
{[%clk 1:01:59]} 19. Nxa4 {[%clk 0:38:01]} Rxa4 {[%clk 1:02:19]} 20. Qxd6
{[%clk 0:37:32]} Rfa8 {[%clk 1:02:40]} 21. Rb3 {[%clk 0:28:20]} Bf8
{[%clk 0:58:08]} 22. Qf4 {[%clk 0:23:54]} Qxf4 {[%clk 0:57:11]} 23. Bxf4
{[%clk 0:24:22]} Bc5+ {[%clk 0:56:51]} 24. Be3 {[%clk 0:24:05]} Bxe3+
{[%clk 0:56:39]} 25. Rxe3 {[%clk 0:24:28]} Rxa3 {[%clk 0:56:59]} 26. Rxa3
{[%clk 0:20:57]} Rxa3 {[%clk 0:57:25]} 27. Kf2 {[%clk 0:17:43]} Kf8
{[%clk 0:57:09]} 28. h4 {[%clk 0:05:49]} Ke7 {[%clk 0:56:15]} 29. e5
{[%clk 0:04:32]} f6 {[%clk 0:56:15]} 30. exf6+ {[%clk 0:04:49]} Kxf6
{[%clk 0:56:42]} 31. Rd1 {[%clk 0:04:34]} Ke7 {[%clk 0:47:19]} 32. Rd2
{[%clk 0:04:25]} Rc3 {[%clk 0:47:22]} 33. Kg3 {[%clk 0:02:07]} e5
{[%clk 0:47:37]} 34. Kf2 {[%clk 0:01:26]} h6 {[%clk 0:46:30]} 35. Rd1
{[%clk 0:01:17]} Rb3 {[%clk 0:42:54]} 36. Rd2 {[%clk 0:01:29]} g5
{[%clk 0:41:06]} 37. hxg5 {[%clk 0:01:57]} hxg5 {[%clk 0:41:22]} 38. Rd1
{[%clk 0:01:43]} Rb2 {[%clk 0:36:30]} 39. Ke3 {[%clk 0:01:59]} Rb3+
{[%clk 0:33:35]} 40. Kf2 {[%clk 0:02:24]} e4 {[%clk 0:29:20]} 41. fxe4
{[%clk 0:27:52]} Bxe4 {[%clk 0:57:16]} 42. Rd4 {[%clk 0:25:12]} Bc6
{[%clk 0:56:56]} 43. Bf3 {[%clk 0:24:11]} Rc3 {[%clk 0:55:57]} 44. Bd5
{[%clk 0:02:18]} Kf6 {[%clk 0:55:26]} 45. Bxc6 {[%clk 0:02:39]} bxc6
{[%clk 0:55:05]} 46. Rd6+ {[%clk 0:03:08]} Ke5 {[%clk 0:55:18]} 1/2-1/2

[Event "WCO2014"]
[Site "Tromso"]
[Date "2014.08.09"]
[Round "7.7"]
[WhiteID "8100918"]
[White "Mohannad Farhan"]
[BlackID "5300380"]
[Black "El Jawich Amro"]
[Result "1-0"]
[LiveChessVersion "1.4.3"]
[BlackElo "2186"]
[WhiteElo "2321"]

1. d4 {[%clk 1:30:58]} Nf6 {[%clk 1:30:43]} 2. c4 {[%clk 1:31:24]} g6
{[%clk 1:31:08]} 3. Nc3 {[%clk 1:31:50]} Bg7 {[%clk 1:31:31]} 4. e4
{[%clk 1:32:13]} d6 {[%clk 1:31:52]} 5. Nf3 {[%clk 1:32:22]} O-O {[%clk 1:32:10]}
6. h3 {[%clk 1:31:58]} Qe8 {[%clk 1:30:10]} 7. Bg5 {[%clk 1:30:14]} e5
{[%clk 1:18:00]} 8. d5 {[%clk 1:30:23]} a5 {[%clk 1:11:26]} 9. Be2
{[%clk 1:28:55]} Na6 {[%clk 1:09:56]} 10. Nd2 {[%clk 1:28:56]} Bd7
{[%clk 1:06:05]} 11. g4 {[%clk 1:29:02]} c6 {[%clk 0:49:05]} 12. Be3
{[%clk 1:28:09]} Qb8 {[%clk 0:26:52]} 13. h4 {[%clk 1:21:49]} cxd5
{[%clk 0:23:07]} 14. exd5 {[%clk 1:20:37]} Qc8 {[%clk 0:19:50]} 15. g5
{[%clk 1:17:05]} Ne8 {[%clk 0:18:43]} 16. Nde4 {[%clk 1:16:32]} Bf5
{[%clk 0:17:17]} 17. Bb6 {[%clk 1:14:56]} Nb8 {[%clk 0:15:47]} 18. h5
{[%clk 1:12:13]} Nd7 {[%clk 0:15:08]} 19. Be3 {[%clk 1:12:35]} Bxe4
{[%clk 0:10:54]} 20. Nxe4 {[%clk 1:12:55]} b6 {[%clk 0:09:02]} 21. Rc1
{[%clk 1:09:15]} Nc5 {[%clk 0:09:01]} 22. Bg4 {[%clk 1:09:04]} Qd8
{[%clk 0:08:02]} 23. Bxc5 {[%clk 1:08:39]} bxc5 {[%clk 0:08:11]} 24. hxg6
{[%clk 1:08:58]} f5 {[%clk 0:05:54]} 25. gxf6 {[%clk 1:08:54]} 1-0

[Event "WCO2014"]
[Site "Tromso"]
[Date "2014.08.09"]
[Round "7.8"]
[WhiteID "5301653"]
[White "Chahrour Ibrahim"]
[BlackID "8100500"]
[Black "Khader Sami"]
[Result "0-1"]
[LiveChessVersion "1.4.3"]
[BlackElo "2352"]
[WhiteElo "2170"]

1. e4 {[%clk 1:30:57]} c5 {[%clk 1:30:56]} 2. Nf3 {[%clk 1:30:47]} Nc6
{[%clk 1:31:20]} 3. d4 {[%clk 1:30:47]} cxd4 {[%clk 1:31:44]} 4. Nxd4
{[%clk 1:31:12]} e5 {[%clk 1:32:09]} 5. Nb5 {[%clk 1:30:06]} d6 {[%clk 1:32:34]}
6. N1c3 {[%clk 1:30:31]} a6 {[%clk 1:32:59]} 7. Na3 {[%clk 1:30:52]} b5
{[%clk 1:33:24]} 8. Nd5 {[%clk 1:31:16]} Nge7 {[%clk 1:33:49]} 9. c4
{[%clk 1:31:40]} Nd4 {[%clk 1:34:07]} 10. cxb5 {[%clk 1:31:50]} Nxd5
{[%clk 1:34:17]} 11. exd5 {[%clk 1:32:14]} Be7 {[%clk 1:34:10]} 12. Bd3
{[%clk 1:31:40]} O-O {[%clk 1:33:41]} 13. Be3 {[%clk 1:30:12]} Nxb5
{[%clk 1:31:29]} 14. Nxb5 {[%clk 1:28:39]} axb5 {[%clk 1:31:50]} 15. O-O
{[%clk 1:27:50]} f5 {[%clk 1:23:12]} 16. f3 {[%clk 1:17:10]} Bd7 {[%clk 1:17:59]}
17. Qb3 {[%clk 1:10:37]} Qe8 {[%clk 1:17:13]} 18. Rfc1 {[%clk 1:07:08]} Bd8
{[%clk 1:16:14]} 19. Bf1 {[%clk 0:43:00]} Qh5 {[%clk 1:14:40]} 20. Rc6
{[%clk 0:35:24]} Rf6 {[%clk 1:01:48]} 21. Qxb5 {[%clk 0:30:36]} Bxc6
{[%clk 0:53:19]} 22. dxc6 {[%clk 0:30:31]} Rc8 {[%clk 0:51:28]} 23. Qb7
{[%clk 0:26:28]} Rc7 {[%clk 0:51:23]} 24. Qb8 {[%clk 0:20:15]} Rf8
{[%clk 0:50:38]} 25. Bb6 {[%clk 0:20:43]} Rc8 {[%clk 0:49:19]} 26. Qb7
{[%clk 0:18:53]} Bxb6+ {[%clk 0:45:02]} 27. Qxb6 {[%clk 0:19:21]} e4
{[%clk 0:44:46]} 28. Rc1 {[%clk 0:16:51]} Qg5 {[%clk 0:42:30]} 29. Rc3
{[%clk 0:14:27]} Qd2 {[%clk 0:40:41]} 30. Qf2 {[%clk 0:08:18]} Qd1
{[%clk 0:40:34]} 31. b4 {[%clk 0:03:44]} d5 {[%clk 0:40:29]} 32. b5
{[%clk 0:02:00]} d4 {[%clk 0:40:07]} 33. Rc4 {[%clk 0:02:29]} d3 {[%clk 0:37:42]}
34. b6 {[%clk 0:02:12]} Rce8 {[%clk 0:23:24]} 35. Qc5 {[%clk 0:00:48]} e3
{[%clk 0:22:51]} 36. Qd5+ {[%clk 0:01:15]} Kh8 {[%clk 0:23:09]} 37. Qxd3
{[%clk 0:00:56]} e2 {[%clk 0:23:30]} 0-1

[Event "WCO2014"]
[Site "Tromso"]
[Date "2014.08.09"]
[Round "7.28"]
[WhiteID "6600247"]
[White "Baules Jorge"]
[BlackID "16300416"]
[Black "Liu Yeh Yang"]
[Result "1-0"]
[LiveChessVersion "1.4.3"]
[BlackElo "1920"]
[WhiteElo "2317"]

1. d4 {[%clk 1:30:58]} c5 {[%clk 1:30:56]} 2. d5 {[%clk 1:31:22]} Nf6
{[%clk 1:31:23]} 3. c4 {[%clk 1:31:43]} b5 {[%clk 1:31:48]} 4. Nd2
{[%clk 1:32:10]} Qa5 {[%clk 1:31:00]} 5. Qc2 {[%clk 1:24:02]} bxc4
{[%clk 1:19:24]} 6. e4 {[%clk 1:24:22]} d6 {[%clk 1:18:51]} 7. Bxc4
{[%clk 1:15:32]} g6 {[%clk 1:19:15]} 8. b3 {[%clk 1:07:45]} Nxe4 {[%clk 1:11:12]}
9. b4 {[%clk 0:55:34]} Qxb4 {[%clk 1:11:29]} 10. Rb1 {[%clk 0:55:49]} Qa5
{[%clk 1:02:52]} 11. Bb5+ {[%clk 0:56:08]} Kd8 {[%clk 1:03:17]} 12. Qxe4
{[%clk 0:53:32]} Bf5 {[%clk 1:03:37]} 13. Qa4 {[%clk 0:53:56]} Qxa4
{[%clk 1:04:05]} 14. Bxa4 {[%clk 0:54:25]} Bxb1 {[%clk 1:04:25]} 15. Nxb1
{[%clk 0:54:52]} Na6 {[%clk 1:04:52]} 16. Bd2 {[%clk 0:52:40]} Nb4
{[%clk 1:05:08]} 17. Nc3 {[%clk 0:51:50]} Bg7 {[%clk 1:04:33]} 18. Ke2
{[%clk 0:51:01]} Rf8 {[%clk 1:03:36]} 19. Nd1 {[%clk 0:40:01]} Nxa2
{[%clk 0:59:25]} 20. h4 {[%clk 0:39:49]} Rb8 {[%clk 0:59:15]} 21. h5
{[%clk 0:37:16]} Nb4 {[%clk 0:59:31]} 22. Ne3 {[%clk 0:36:20]} f5
{[%clk 0:59:00]} 23. f4 {[%clk 0:34:46]} Bd4 {[%clk 0:58:11]} 24. Nf3
{[%clk 0:32:56]} Bxe3 {[%clk 0:58:23]} 25. Kxe3 {[%clk 0:33:24]} Nxd5+
{[%clk 0:58:45]} 26. Kd3 {[%clk 0:33:32]} c4+ {[%clk 0:41:42]} 27. Kd4
{[%clk 0:32:45]} c3 {[%clk 0:42:10]} 28. Kxd5 {[%clk 0:32:31]} cxd2
{[%clk 0:42:33]} 29. Ng5 {[%clk 0:16:29]} Rg8 {[%clk 0:38:26]} 30. Rd1
{[%clk 0:10:42]} Rb2 {[%clk 0:37:18]} 31. h6 {[%clk 0:10:43]} Kc7
{[%clk 0:36:06]} 32. Kc4 {[%clk 0:09:45]} Kb6 {[%clk 0:33:35]} 33. Kc3
{[%clk 0:09:16]} Ra2 {[%clk 0:33:40]} 34. Kb3 {[%clk 0:08:55]} Rxa4
{[%clk 0:34:01]} 35. Kxa4 {[%clk 0:09:24]} Rc8 {[%clk 0:30:00]} 36. Kb3
{[%clk 0:08:18]} Rc1 {[%clk 0:28:41]} 37. Rxd2 {[%clk 0:08:39]} Rh1
{[%clk 0:29:09]} 38. Nf7 {[%clk 0:07:26]} Kc6 {[%clk 0:29:23]} 39. Rd3
{[%clk 0:06:34]} Kd7 {[%clk 0:19:24]} 40. Re3 {[%clk 0:02:45]} Rh2
{[%clk 0:16:16]} 41. Kc3 {[%clk 0:00:36]} a5 {[%clk 0:05:55]} 42. g3
{[%clk 0:00:33]} e6 {[%clk 0:03:30]} 43. Rd3 {[%clk 0:00:57]} d5 {[%clk 0:03:52]}
44. Kd4 {[%clk 0:29:26]} Ke7 {[%clk 0:31:43]} 45. Ng5 {[%clk 0:29:44]} Rxh6
{[%clk 0:32:10]} 46. Re3 {[%clk 0:29:44]} Rh1 {[%clk 0:32:37]} 47. Rxe6+
{[%clk 0:30:09]} Kd7 {[%clk 0:33:06]} 48. Ra6 {[%clk 0:29:53]} h6
{[%clk 0:30:45]} 49. Nf3 {[%clk 0:29:57]} g5 {[%clk 0:30:23]} 50. Rxa5
{[%clk 0:27:44]} gxf4 {[%clk 0:29:40]} 51. gxf4 {[%clk 0:28:01]} Rf1
{[%clk 0:29:29]} 52. Ne5+ {[%clk 0:26:02]} Kc7 {[%clk 0:29:58]} 53. Nd3
{[%clk 0:26:24]} Kd7 {[%clk 0:27:12]} 54. Kxd5 {[%clk 0:21:48]} Rd1
{[%clk 0:27:32]} 55. Ra7+ {[%clk 0:22:17]} Kd8 {[%clk 0:28:01]} 56. Kd4
{[%clk 0:22:25]} Ke8 {[%clk 0:27:45]} 57. Rh7 {[%clk 0:22:52]} Ra1
{[%clk 0:27:05]} 58. Ke5 {[%clk 0:22:13]} Ra5+ {[%clk 0:27:12]} 59. Kf6
{[%clk 0:21:27]} Ra6+ {[%clk 0:26:42]} 60. Kxf5 {[%clk 0:21:48]} Kf8
{[%clk 0:27:08]} 61. Ne5 {[%clk 0:20:20]} Kg8 {[%clk 0:27:30]} 62. Rd7
{[%clk 0:20:11]} Rb6 {[%clk 0:27:06]} 63. Ng4 {[%clk 0:20:15]} Kf8
{[%clk 0:26:42]} 64. Nf6 {[%clk 0:20:00]} Rb1 {[%clk 0:27:05]} 65. Ne4
{[%clk 0:16:59]} Rb6 {[%clk 0:27:17]} 66. Rd6 {[%clk 0:17:09]} Rb5+
{[%clk 0:27:25]} 67. Kf6 {[%clk 0:17:36]} Ke8 {[%clk 0:27:26]} 68. f5
{[%clk 0:17:31]} h5 {[%clk 0:27:29]} 69. Ke6 {[%clk 0:17:30]} Kf8
{[%clk 0:26:44]} 70. Nf6 {[%clk 0:17:08]} Kg7 {[%clk 0:27:13]} 71. Nxh5+
{[%clk 0:17:31]} Kh6 {[%clk 0:27:05]} 72. Nf4 {[%clk 0:15:34]} Rb4
{[%clk 0:26:25]} 73. Ke5+ {[%clk 0:15:02]} Kg7 {[%clk 0:26:43]} 74. f6+
{[%clk 0:15:26]} Kf8 {[%clk 0:26:39]} 75. Rd7 {[%clk 0:15:19]} Rb5+
{[%clk 0:26:56]} 76. Ke6 {[%clk 0:14:07]} Kg8 {[%clk 0:26:08]} 77. Rg7+
{[%clk 0:14:07]} Kf8 {[%clk 0:26:31]} 78. Ng6+ {[%clk 0:14:36]} Ke8
{[%clk 0:26:52]} 79. Rg8# {[%clk 0:15:00]} 1-0